| 000 | 03145cam a2200397 i 4500 | ||
|---|---|---|---|
| 008 | 240814t20252025nyua ob 001 0 eng | ||
| 040 |
_aOCoLC-P _beng _erda _cOCoLC-P |
||
| 020 |
_a1003490484 _qelectronic book |
||
| 020 |
_a9781040265956 _qelectronic book |
||
| 020 |
_a1040265952 _qelectronic book |
||
| 020 |
_a9781003490487 _q(electronic bk.) |
||
| 020 |
_a9781040265949 _q(electronic bk. : PDF) |
||
| 020 |
_a1040265944 _q(electronic bk. : PDF) |
||
| 020 |
_z9781032790930 _qhardcover |
||
| 020 |
_z9781032790909 _qpaperback |
||
| 024 | 7 |
_a10.4324/9781003490487 _2doi |
|
| 082 | 0 | 0 |
_a304.201 _223/eng/20240906 |
| 245 | 0 | 4 |
_aThe philosophy of environmental emotions : _bgrief, hope, and beyond / _cedited by Ondřej Beran, Laura Candiotto, Niklas Forsberg, Antony Fredriksson and David Rozen. |
| 260 |
_aNew York, NY : _bRoutledge, _c2025. |
||
| 264 | 4 | _c©2025 | |
| 300 |
_a1 online resource (xv, 320 pages) : _billustrations. |
||
| 490 | 1 | _aRoutledge studies in contemporary philosophy | |
| 520 |
_a"This volume presents new philosophical perspectives on environmental emotions. It explores the motivating nature of emotions such as anger, grief, and hope in relation to the current climate crisis. Many of our emotional responses to the climate crisis take a distressed form like anxiety, despair, or grief. However, these emotions almost always coexist with hope, drive toward action, or a strengthened sense of relationality and belonging. This book explores the different levels at which these tensions take place. Part 1 discusses the conceptual and linguistic notions we use to make sense of our ecological predicament. Part 2 looks at the embedded dimension of our emotions: how we feel about the climate crisis as members of our communities and how our emotions are interconnected with what we do and how we work in and for our communities. Several chapters in this section explicitly discuss hope. Finally, Part 3 has a phenomenological and existential focus: it explores the nature of the rootedness and how it shapes our emotional experiences during the climate crisis. The Philosophy of Environmental Emotions will appeal to scholars and graduate students working in environmental philosophy, philosophy of emotion, and environmental psychology"-- _cProvided by publisher. |
||
| 650 | 0 | _aEmotions (Philosophy) | |
| 650 | 0 |
_aHuman ecology _xPhilosophy. |
|
| 650 | 0 |
_aEnvironmentalism _xPhilosophy. |
|
| 700 | 1 |
_aBeran, Ondřej, _eeditor. _1https://id.oclc.org/worldcat/entity/E39PBJt3RVqttKbGkhrMFXrKBP _91470097 |
|
| 700 | 1 |
_aCandiotto, Laura, _d1981- _eeditor. _1https://id.oclc.org/worldcat/entity/E39PBJyhhKHfRwfgrBBGGqT4MP _91611236 |
|
| 700 | 1 |
_aForsberg, Niklas, _eeditor. _1https://id.oclc.org/worldcat/entity/E39PCjvcMdKgdjdRJgPYtkRvQC _91459761 |
|
| 700 | 1 |
_aFredriksson, Antony, _eeditor. _1https://id.oclc.org/worldcat/entity/E39PCjDHfRPhXCFg9fHrGf9pbm _91467529 |
|
| 700 | 1 |
_aRozen, David, _cPh. D., _eeditor. _91611237 |
|
| 830 | 0 | _aRoutledge studies in contemporary philosophy. | |
| 856 | 4 | 0 |
_3Click Here _uhttps://www.taylorfrancis.com/books/9781003490487 |
| 887 | _aSoumen Kumar Mondal | ||
| 942 | _EBK | ||
| 999 |
_c1662012 _d1661981 |
||